International Labour Organization and Global Social Governance (Record no. 20430)

MARC details
000 -LEADER
fixed length control field 00995nam a2200121Ia 4500
008 - FIXED-LENGTH DATA ELEMENTS--GENERAL INFORMATION
fixed length control field 220616s9999||||xx |||||||||||||| ||und||
245 #0 - TITLE STATEMENT
Title International Labour Organization and Global Social Governance
546 ## - LANGUAGE NOTE
Language note English[eng]
650 ## - SUBJECT ADDED ENTRY--TOPICAL TERM
Topical term or geographic name entry element Labour Law/Social Law||Sources and Subjects of International Law, International Organizations||International Organization||Development and Social Change||Development Studies||ILO||Social governance of globalization||International labour standards||Social justice||ILO world commission of globalization||Decent work||ILO world commission on the social dimension of globalization||International labour law||Social sustainability||Transformation of work||Open access||Employment & labour law: general||Social law & Medical law||Public international law||International institutions
700 ## - ADDED ENTRY--PERSONAL NAME
Personal name Halonen, Tarja||Liukkunen, Ulla
856 ## - ELECTRONIC LOCATION AND ACCESS
Uniform Resource Identifier <a href="https://library.oapen.org/bitstream/20.500.12657/42935/1/2021_Book_InternationalLabourOrganizatio.pdf">https://library.oapen.org/bitstream/20.500.12657/42935/1/2021_Book_InternationalLabourOrganizatio.pdf</a>
942 ## - ADDED ENTRY ELEMENTS (KOHA)
Koha item type E-Books
Holdings
Withdrawn status Lost status Damaged status Not for loan Home library Current library Date acquired Total Checkouts Date last seen Price effective from Koha item type
        Kerala University of Digital Sciences, Innovation and Technology Knowledge Centre Kerala University of Digital Sciences, Innovation and Technology Knowledge Centre 16/06/2022   16/06/2022 16/06/2022 E-Books